Introducción a la Mecánica de Suelos y Cimentaciones

Bibliographic Details
Main Authors: Sowers, George B, Sowers, George F.
Format: Section = Libro
Language:Undetermined
Spanish
Published: México Limusa/Noriega 1972
Subjects:
LEADER 00606nam a2200217Ia 4500
008 241007s9999||||xx |||||||||||||| ||und||
020 |a 968-18-0506-2 
040 |a BIBLIOTECA-RURC/ 624.1513 S731 
041 |a spa 
082 |a 624.1513 S731 
100 1 |a Sowers, George B 
100 1 |b Sowers, George F. 
245 1 0 |a Introducción a la Mecánica de Suelos y Cimentaciones 
260 |a México  |b Limusa/Noriega  |c 1972 
300 |a 665 p. :il. 
650 7 |a NATURALEZA DE LOS SUELOS 
650 7 |b INVESTIGACIONES SUBTERRANEAS 
650 7 |c  CIMENTACIONES 
942 |c BK  |2 ddc 
991 |a TEXTO 
999 |c 14471